MARC

LEADER 00000nam0a2200000 4500
001 74392
005 20231101212745.0
010 |a 5060038521 
035 |a (RuTPU)RU\TPU\book\79332 
090 |a 74392 
100 |a 20050303d2004 m y0rusy50 ca 
101 0 |a rus 
102 |a RU 
105 |a y j 000zy 
200 1 |a Сборник задач и упражнений по общей химии  |e учебное пособие  |f С. А. Пузаков, В. А. Попков, А. А. Филиппова 
210 |a Москва  |c Высшая школа  |d 2004 
215 |a 256 с. 
606 1 |a Химия общая  |2 stltpush  |3 (RuTPU)RU\TPU\subj\67862  |9 83510 
610 1 |a задачи 
610 1 |a упражнения 
610 1 |a учебные пособия 
610 1 |a количественный анализ 
610 1 |a химическая термодинамика 
610 1 |a химическая кинетика 
610 1 |a растворы 
610 1 |a свойства 
610 1 |a протолитическое равновесие 
610 1 |a протолитические процессы 
610 1 |a гетерогенные процессы 
610 1 |a гетерогенное равновесие 
610 1 |a редокс-процессы 
610 1 |a редокс-равновесие 
610 1 |a физическая химия 
610 1 |a поверхностные явления 
610 1 |a дисперсные системы 
610 1 |a высокомолекулярные соединения 
675 |a 54(076)  |v 3 
700 1 |a Пузаков  |b С. А.  |g Сергей Аркадьевич 
701 1 |a Попков  |b В. А.  |g Владимир Андреевич 
701 1 |a Филиппова  |b А. А.  |g Алла Анатольевна 
801 1 |a RU  |b 63413507  |c 20050303  |g PSBO 
801 2 |a RU  |b 63413507  |c 20200702  |g PSBO 
942 |c BK